| 000 | 01343nam a2200241Ia 4500 | ||
|---|---|---|---|
| 003 | Ost | ||
| 005 | 20260507075048.0 | ||
| 008 | 260507s9999||||xx |||||||||||||| ||und|| | ||
| 040 | _cfsecg | ||
| 041 | _aara | ||
| 082 | _a600 | ||
| 100 |
_aالصبان، محمد سمير _eمؤلف |
||
| 245 | 0 |
_aالمحاسبة المالية في شركات الأموال / _c محمد سمير الصبان |
|
| 260 |
_aالإسكندرية: _bالدار الجامعية, _c2000 |
||
| 300 |
_a429 صفحة؛ _bإيضاحات ؛ _c24 سم |
||
| 520 | _aطبيعة وماهية شركات الأموال-أنواع شركات الأموال وإجراءات تأسييسها-المعالجة المحاسبية لعمليات رأس المال في شركات المساهمة-الأموال المقترضة وإصدار السندات-القوائم المالية وتوزيع الأرباح في شركات المساهمة-تصفية شركة الأموال-الملامح الرئيسية للقوائم المالية في شركات قطاع الأعمال العام | ||
| 653 | _aالشركات | ||
| 653 | _aالمالية العامة- محاسبة | ||
| 653 | _aالمحاسبة التحليلية | ||
| 653 | _aمحاسبة | ||
| 700 |
_aهلال، عبد الله عبد العظيم _eمؤلف ثانوي |
||
| 942 | _cكتاب | ||
| 999 |
_c42603 _d42603 |
||